Ergebnisdiagramm der Fußball-Weltmeisterschaft 1986 - Statistiken

Allgemein
  • Dieses Quiz wurde 546 mal gespielt
  • Das Durchschnittsergebnis liegt bei 17 aus 24
Antworten auf der Karte
Die Antworten werden auf der Karte rot bzw. grün angezeigt, abhängig davon wie oft sie richtig erraten wurden.
 
Antwortstatistiken
Nation % Korrekt
Argentinien
98%
Brasilien
94%
BR Deutschland
91%
Spanien
90%
Frankreich
89%
Italien
89%
Mexiko
89%
England
86%
Belgien
81%
Uruguay
77%
Portugal
75%
Sowjetunion
73%
Dänemark
69%
Polen
64%
Südkorea
63%
Schottland
61%
Marokko
58%
Ungarn
56%
Algerien
50%
Paraguay
50%
Kanada
48%
Bulgarien
45%
Irak
38%
Nordirland
38%
Keine übereinstimmenden Quizze gefunden
Verteilung der Resultate
Anzahl Personen mit jedem Resultat
Perzentil nach korrekt beantworteten Fragen
Ihre Resultats-Entwicklung
Sie haben dieses Quiz noch nicht gespielt